000 00337nab a22001097u 4500
008 130520b1991 xxu||||| |||| 00| 0 spa d
041 _aspa
100 1 _aMarcos, S.
_967515
245 0 0 _aMujeres, ritos de sanación y medicina popular en México
_cS. Marcos
773 0 _tConcilium
_gV.1,1991,págs.327-343
_x0210-1041
_wRev134
942 _cAR
999 _c355618
_d355618